El azul de metileno en medicina (Record no. 41172)

MARC details
000 -LEADER
campo de control de longitud fija 00833nam a2200205 i 4500
001 - NÚMERO DE CONTROL
campo de control 41172
003 - IDENTIFICADOR DE NÚMERO DE CONTROL
campo de control ES-MaACL
005 - FECHA Y HORA DE LA ÚLTIMA TRANSACCIÓN
campo de control 20230906160402.0
007 - CAMPO FIJO DE DESCRIPCIÓN FÍSICA--INFORMACIÓN GENERAL
campo de control de longitud fija t|
008 - DATOS DE LONGITUD FIJA--INFORMACIÓN GENERAL
campo de control de longitud fija 030310s1895 sp ||||1| spa d
100 1# - ENTRADA PRINCIPAL--NOMBRE DE PERSONA
Nombre de persona Carulla Margenat, Valentín.
9 (RLIN) 35917
245 13 - MENCIÓN DEL TÍTULO
Título El azul de metileno en medicina
Resto del título : individualidad clínica del mismo : tesis del doctorado /
Mención de responsabilidad, etc. Valentín Carulla Margenat.
260 ## - PUBLICACIÓN, DISTRIBUCIÓN, ETC.
Lugar de publicación, distribución, etc. Barcelona :
Nombre del editor, distribuidor, etc. [s.n.],
Fecha de publicación, distribución, etc. 1895 (
Fabricante Tip. Española)
300 ## - DESCRIPCIÓN FÍSICA
Extensión 90 p. ;
Dimensiones 28 cm.
502 ## - NOTA DE TESIS
Nota de tesis Tesis--Universidad Central, Facultad de Medicina, 1895.
530 ## - NOTA DISPONIBLE DE FORMULARIO FÍSICO ADICIONAL
Nota de formato físico adicional disponible Disponible en formato digital.
650 #4 - PUNTO DE ACCESO ADICIONAL DE MATERIA--TÉRMINO DE MATERIA
Término de materia o nombre geográfico como elemento de entrada Antisépticos.
9 (RLIN) 148882
852 ## - LOCALIZACIÓN
Ubicación ES-MaACL
Número de control de estantería T-835-F-7
Nota libre .- Enc. en un vol. facticio conservando la enc. original
856 ## - LOCALIZACIÓN Y ACCESO ELECTRÓNICOS
Identificador Uniforme de Recursos <a href="http://bdh-rd.bne.es/viewer.vm?id=0000055594&page=1 ">http://bdh-rd.bne.es/viewer.vm?id=0000055594&page=1 </a>
Nota pública Biblioteca Digital Hispánica
Holdings
Estatus retirado Estado de pérdida Estado de daño No para préstamo Colección Biblioteca de origen Biblioteca actual Ubicación en estantería Fecha de adquisición Fuente de adquisición Total de préstamos Signatura topográfica completa Código de barras Visto por última vez Precio de reemplazo Tipo de ítem Koha
        Colección de folletos Biblioteca del Ateneo de Madrid Biblioteca del Ateneo de Madrid Depósito folletos 17/01/2008     T-835-F-7 1043346 23/02/2023 23/02/2023 Folleto